01451nam a2200337Ia 4500001001100000003000800011006001900019007001500038008004100053010001700094020001800111020002800129040002100157035002100178050002500199082002200224100003100246245022700277260006600504300001900570504006400589533015200653650004500805650003300850650002200883650002200905655002900927710001700956856012500973999001501098ebr5000366CaPaEBRm u cr cn|||||||||001204s2001 enka sb 001 0 eng d z 00066323  z9781846421778 z1853029351 (alk. paper) aCaPaEBRcCaPaEBR a(OCoLC)22804041714aRC553.A88bL4 2001eb04a616.89/8206542211 aLe Breton, Marilyn,d1966-10aDiet intervention and autismh[electronic resource] :bimplementing the gluten free and casein free diet for autistic children and adults : a practical guide for parents /cMarilyn Le Breton ; foreword by Rosemary Kessick. aLondon ;aPhiladelphia :bJessica Kingsley Publishers,c2001. a232 p. :bill. aIncludes bibliographical references (p. 222-225) and index. aElectronic reproduction.bPalo Alto, Calif. :cebrary,d2013.nAvailable via World Wide Web.nAccess may be limited to ebrary affiliated libraries. 0aAutism in childrenxNutritional aspects. 0aAutismxNutritional aspects. 0aCasein-free diet. 0aGluten-free diet. 7aElectronic books.2local2 aebrary, Inc.40uhttp://site.ebrary.com/lib/rucke/Doc?id=5000366zAn electronic book accessible through the World Wide Web; click to view c2778d2778